Statistiche per Tutti gli Stati che hanno controllato Alessandria d'Egitto

Clicka qui per fare il quiz!

Statistiche generali

  • Questo quiz è stato fatto 10 volte
    (4 dall'ultimo reset)
  • Il punteggio medio è 24 su 34

Statistiche sulle risposte

Risposta% Corretto
Impero Bizantino
100%
Impero Britannico
100%
Impero Britannico
100%
Impero Britannico
100%
Impero Britannico (Protettorato del Sultanato d'Egitto)
100%
Impero Macedone
100%
Impero Ottomano
100%
Impero Ottomano (Chedivato/Eyalet d'Egitto)
100%
Impero Ottomano (Chedivato/Eyalet d'Egitto)
100%
Impero Ottomano (Chedivato/Eyalet d'Egitto)
100%
Impero Romano
100%
Impero Romano
100%
Prima Repubblica Francese
100%
Regno d'Egitto
100%
Regno di Cipro
100%
Repubblica Araba d'Egitto
100%
Repubblica d'Egitto
100%
Repubblica Romana
100%
Impero Bizantino
75%
Impero Bizantino
75%
Repubblica Araba Unita
75%
Impero di Palmira
50%
Regno Tolemaico
50%
Califfato Abbàside
25%
Califfato Abbàside
25%
Califfato Fatimide
25%
Califfato Omàyyade
25%
Califfato Rashidun
25%
Califfato Rashidun
25%
Emirato Tulunide
25%
Impero Sasanide
25%
Sultanato Ayyubide
25%
Sultanato Mamelucco
25%
Sultanato Mamelucco
25%

Distribuzione punteggi

Percentile per numero di risposta

Percentuale di utenti per punteggio

I tuoi punteggi nel tempo

Non hai fatto questo quiz dall'ultimo reset